000 00725nam a2200253 4500
001 115310
003 ES-MaBCM
005 20241016140917.0
008 051115s1972 esp spa d
017 _aM.15732-1972
021 _axx
035 _a(OCoLC)633527444
035 _a(OCoLC)633527444
040 _cES-MaBCM
041 0 _aspa
245 0 0 _aEspaña siglo XX
_cselección y prólogo F. Flores Arroyuelo
260 _aMadrid :
_bCuadernos para el Diálogo,
_c1972
300 _a404 p.
_c18 cm
440 0 _aDivulgación universitaria, cuestiones españolas
_9106824
_v40
650 2 7 _aDescripción y viajes
_958382
651 2 4 _aEspaña
_9115342
700 1 _aFlores Arroyuelo, F.
_964929
942 _cBK
999 _c115310
_d115310